[Event "Nordic-ch U20 Gp-A"]
[Site "Torshavn"]
[Date "2021.09.12"]
[Round "5"]
[White "Morkore, Rogvi"]
[Black "Kistrup, Nicolai"]
[Result "0-1"]
[WhiteElo "1720"]
[BlackElo "2260"]
[PlyCount "50"]
[EventDate "2021.09.10"]
[EventType "swiss"]
[EventRounds "6"]
[EventCountry "FAI"]
[SourceTitle "CBM 204 Extra"]
[Source "ChessBase"]
[SourceDate "2021.11.30"]
[SourceVersion "1"]
[SourceVersionDate "2021.11.30"]
[SourceQuality "1"]

1. c4 e5 2. g3 c6 3. Bg2 d5 4. cxd5 cxd5 5. d4 e4 6. Nc3 Bb4 7. Qb3 Nc6 8. e3 Nf6 9. Nge2 0-0 10. 0-0 Bxc3 11. Nxc3 h5 12. h3 Na5 13. Qd1 Be6 14. Ne2 g5 15. b3 Kg7 16. Bd2 Nc6 17. Rc1 Rh8 18. Nc3 Qd7 19. Kh2 h4 20. g4 Nxg4+ 21. hxg4 Bxg4 22. f3 Qd6+ 23. Kg1 h3 24. fxg4 hxg2 25. Kxg2 Qh2# 0-1

[Event "FAI-chT 2021"]
[Site "Faroe Islands"]
[Date "2020.10.18"]
[Round "3.4"]
[White "Ziska, Andrias"]
[Black "Morkore, Rogvi"]
[Result "0-1"]
[WhiteElo "1871"]
[BlackElo "1592"]
[PlyCount "96"]
[EventDate "2020.10.04"]
[EventType "team-tourn"]
[EventRounds "10"]
[EventCountry "FAI"]
[SourceTitle "EXT 2022"]
[Source "ChessBase"]
[SourceDate "2021.10.06"]
[SourceVersion "1"]
[SourceVersionDate "2021.10.06"]
[SourceQuality "1"]
[WhiteTeam "Havnin"]
[BlackTeam "Kollafjordur"]
[WhiteTeamCountry "FAI"]
[BlackTeamCountry "FAI"]

1. e4 e6 2. d4 d5 3. Nc3 Nf6 4. Bg5 dxe4 5. Nxe4 Be7 6. Nxf6+ Bxf6 7. Bxf6 Qxf6 8. Nf3 0-0 9. Bd3 h6 10. 0-0 Nd7 11. Re1 c5 12. c3 Rb8 13. a4 b6 14. Qe2 Bb7 15. Be4 cxd4 16. cxd4 Qf4 17. g3 Qxe4 18. Qxe4 Bxe4 19. Rxe4 Rbc8 20. Ree1 Rc2 21. Rab1 Rfc8 22. Kf1 Nf6 23. h3 Nd5 24. Ne5 Nb4 25. Red1 f6 26. Nf3 R2c4 27. Rd2 Nc2 28. b3 Rc3 29. Ke2 Nb4 30. Rbb2 Kf7 31. Ne1 Ke7 32. Nd3 Nxd3 33. Rxd3 Rc2+ 34. Rd2 Rxb2 35. Rxb2 Kd6 36. Kd3 Kd5 37. h4 h5 38. Re2 Rc1 39. Rd2 a5 40. Ke3 g5 41. hxg5 fxg5 42. Kd3 h4 43. gxh4 gxh4 44. f3 Rb1 45. Kc2 Rh1 46. Re2 h3 47. Re5+ Kxd4 48. Rxe6 h2 0-1

[Event "Nordic-ch U20"]
[Site "Fredericia"]
[Date "2020.02.15"]
[Round "3"]
[White "Risting, Eivind Olav"]
[Black "Morkore, Rogvi"]
[Result "1-0"]
[WhiteElo "2306"]
[BlackElo "1589"]
[PlyCount "59"]
[EventDate "2020.02.14"]
[EventType "swiss"]
[EventRounds "6"]
[EventCountry "DEN"]
[SourceTitle "EXT 2021"]
[Source "ChessBase"]
[SourceDate "2020.10.23"]
[SourceVersion "1"]
[SourceVersionDate "2020.10.23"]
[SourceQuality "1"]

1. c4 Nf6 2. Nc3 e6 3. e4 Bb4 4. e5 Ng8 5. Qg4 g6 6. d4 d5 7. Bg5 Be7 8. h4 h5 9. Qf4 c6 10. Nf3 Nd7 11. cxd5 exd5 12. e6 fxe6 13. Bd3 Nf8 14. Ne5 Bf6 15. Rh3 Qe7 16. Bxg6+ Nxg6 17. Nxg6 Bxg5 18. hxg5 e5 19. dxe5 Qg7 20. Rf3 Qxg6 21. Qf8+ Kd7 22. Rf7+ Qxf7 23. Qxf7+ Ne7 24. 0-0-0 b5 25. Nxd5 cxd5 26. Rxd5+ Kc6 27. Rd6+ Kc5 28. b4+ Kxb4 29. Qb3+ Kc5 30. Qc3# 1-0

[Event "FAI-chT2 1920"]
[Site "Faroe Islands"]
[Date "2019.11.03"]
[Round "3.2"]
[White "Thomsen, Jonfinn"]
[Black "Morkore, Rogvi"]
[Result "1/2-1/2"]
[WhiteElo "1816"]
[BlackElo "1476"]
[PlyCount "64"]
[EventDate "2019.10.13"]
[EventType "team-tourn"]
[EventRounds "10"]
[EventCountry "FAI"]
[SourceTitle "CBM 195 Extra"]
[Source "ChessBase"]
[SourceDate "2020.05.31"]
[SourceVersion "1"]
[SourceVersionDate "2020.05.31"]
[SourceQuality "1"]
[WhiteTeam "Sandavagur II"]
[BlackTeam "Kollafjordur II"]
[WhiteTeamCountry "FAI"]
[BlackTeamCountry "FAI"]

1. e4 e6 2. d4 d5 3. Nd2 Nf6 4. e5 Nfd7 5. Bd3 c5 6. c3 Nc6 7. Ne2 cxd4 8. cxd4 Bb4 9. 0-0 0-0 10. Nf3 Be7 11. a3 f6 12. Nf4 Ndxe5 13. Nxe5 fxe5 14. dxe5 Nxe5 15. Bxh7+ Kxh7 16. Qh5+ Kg8 17. Qxe5 Bd6 18. Qd4 Qf6 19. Qxf6 gxf6 20. Re1 Bxf4 21. Bxf4 e5 22. Bd2 Bf5 23. Rac1 Rac8 24. Rxc8 Rxc8 25. Rc1 Rxc1+ 26. Bxc1 Kf7 27. Kf1 Bg6 28. Ke2 Ke6 29. f3 f5 30. g3 Bh5 31. Kf2 e4 32. fxe4 dxe4 1/2-1/2

[Event "FAI-chT2 1920"]
[Site "Faroe Islands"]
[Date "2019.10.13"]
[Round "1.1"]
[White "Morkore, Rogvi"]
[Black "Isaksen, Reinhold"]
[Result "1/2-1/2"]
[WhiteElo "1476"]
[BlackElo "1906"]
[PlyCount "36"]
[EventDate "2019.10.13"]
[EventType "team-tourn"]
[EventRounds "10"]
[EventCountry "FAI"]
[SourceTitle "CBM 195 Extra"]
[Source "ChessBase"]
[SourceDate "2020.05.31"]
[SourceVersion "1"]
[SourceVersionDate "2020.05.31"]
[SourceQuality "1"]
[WhiteTeam "Kollafjordur II"]
[BlackTeam "Gota"]
[WhiteTeamCountry "FAI"]
[BlackTeamCountry "FAI"]

1. c4 Nf6 2. g3 e5 3. Bg2 Nc6 4. a3 a5 5. Nc3 d6 6. e3 Be6 7. d3 Be7 8. Nge2 0-0 9. Nd5 Qd7 10. 0-0 Bh3 11. Bxh3 Qxh3 12. Nxf6+ Bxf6 13. e4 Qd7 14. Nc3 Nd4 15. Be3 c6 16. Bxd4 exd4 17. Ne2 a4 18. Qd2 Rfb8 1/2-1/2

[Event "Nordic-ch U17"]
[Site "Heinola"]
[Date "2018.02.10"]
[Round "4"]
[White "Petersson, Baldur Teodor"]
[Black "Morkore, Rogvi"]
[Result "1-0"]
[WhiteElo "2161"]
[BlackElo "1379"]
[PlyCount "55"]
[EventDate "2018.02.09"]
[EventType "swiss"]
[EventRounds "6"]
[EventCountry "FIN"]
[SourceTitle "EXT 2019"]
[Source "ChessBase"]
[SourceDate "2018.10.10"]
[SourceVersion "1"]
[SourceVersionDate "2018.10.10"]
[SourceQuality "1"]

1. e4 e6 2. d3 d5 3. Nd2 c5 4. Ngf3 Nf6 5. g3 Be7 6. Bg2 0-0 7. 0-0 Nc6 8. Re1 b6 9. e5 Nd7 10. c3 Bb7 11. h4 Qc7 12. Qe2 Rfe8 13. Nf1 a5 14. a4 h6 15. Bf4 Kh7 16. N3h2 Nf8 17. h5 Qd8 18. Bd2 g6 19. Qf3 f5 20. exf6 Bxf6 21. Ng4 Nd7 22. hxg6+ Kxg6 23. Nxh6 Nde5 24. Qd1 Bg5 25. Ng4 Nxd3 26. Bxg5 Kxg5 27. Qxd3 Kxg4 28. Qg6+ 1-0

[Event "FAI-chT3 1718"]
[Site "Faroe Islands"]
[Date "2017.12.03"]
[Round "2.2"]
[White "Morkore, Rogvi"]
[Black "Andreasen, Jon S"]
[Result "0-1"]
[WhiteElo "1317"]
[BlackElo "1732"]
[PlyCount "60"]
[EventDate "2017.10.22"]
[EventType "team-tourn"]
[EventRounds "9"]
[EventCountry "FAI"]
[SourceTitle "EXT 2020"]
[Source "ChessBase"]
[SourceDate "2019.10.17"]
[SourceVersion "1"]
[SourceVersionDate "2019.10.17"]
[SourceQuality "1"]
[WhiteTeam "Kollafjordur II"]
[BlackTeam "Havnin V"]
[WhiteTeamCountry "FAI"]
[BlackTeamCountry "FAI"]

1. e4 c6 2. d4 d5 3. e5 Bf5 4. Bd3 Bxd3 5. Qxd3 e6 6. Nf3 Nd7 7. 0-0 Ne7 8. Re1 h6 9. Bd2 Qc7 10. Bb4 c5 11. dxc5 Nc6 12. Bc3 Bxc5 13. a3 a6 14. b4 Ba7 15. Nbd2 0-0 16. Bb2 Nb6 17. Rac1 Rfd8 18. Qe2 Na4 19. Ba1 b5 20. Nb3 Rac8 21. Qd3 Ne7 22. Bd4 Bxd4 23. Qxd4 Nf5 24. Qf4 Qb6 25. Nfd4 Rc4 26. Red1 Nc3 27. Rd2 Nxd4 28. Nxd4 Ne4 29. Nxe6 Nxd2 30. Nxd8 Rxf4 0-1

[Event "FAI-chT3 1718"]
[Site "Faroe Islands"]
[Date "2017.10.22"]
[Round "1.2"]
[White "Skuvadal, Frodi"]
[Black "Morkore, Rogvi"]
[Result "0-1"]
[WhiteElo "1635"]
[BlackElo "1317"]
[PlyCount "82"]
[EventDate "2017.10.22"]
[EventType "team-tourn"]
[EventRounds "9"]
[EventCountry "FAI"]
[SourceTitle "EXT 2020"]
[Source "ChessBase"]
[SourceDate "2019.10.17"]
[SourceVersion "1"]
[SourceVersionDate "2019.10.17"]
[SourceQuality "1"]
[WhiteTeam "Vestmanna II"]
[BlackTeam "Kollafjordur II"]
[WhiteTeamCountry "FAI"]
[BlackTeamCountry "FAI"]

1. e4 e6 2. d4 d5 3. e5 c5 4. c3 Nc6 5. Nf3 Qb6 6. Be2 Bd7 7. 0-0 cxd4 8. cxd4 Be7 9. b3 f6 10. Ba3 Bxa3 11. Nxa3 fxe5 12. dxe5 a6 13. Rc1 Nge7 14. Nc2 Ng6 15. Ncd4 Nxd4 16. Nxd4 Nxe5 17. Kh1 0-0 18. f4 Nc6 19. Nxc6 Bxc6 20. Bd3 Bb5 21. f5 exf5 22. Rxf5 Bxd3 23. Qxd3 Rxf5 24. Qxf5 d4 25. Rf1 Qd6 26. Qf7+ Kh8 27. Qxb7 Rd8 28. Rf7 Qg6 29. h3 d3 30. Rd7 Qf6 31. Qc7 Rxd7 32. Qxd7 Qf1+ 33. Kh2 h6 34. Qe8+ Kh7 35. Qe4+ Kg8 36. Qc4+ Kh8 37. a4 Qf5 38. Qd4 Kh7 39. Qe3 Qd5 40. Qd2 Qxb3 41. a5 Qc2 0-1

[Event "Faroes op"]
[Site "Kollafjord"]
[Date "2017.07.19"]
[Round "9"]
[White "Morkore, Rogvi"]
[Black "Petersen, Gutti"]
[Result "0-1"]
[WhiteElo "1317"]
[BlackElo "1652"]
[PlyCount "78"]
[EventDate "2017.07.12"]
[EventType "swiss"]
[EventRounds "9"]
[EventCountry "FAI"]
[SourceTitle "EXT 2018"]
[Source "ChessBase"]
[SourceDate "2017.10.13"]
[SourceVersion "1"]
[SourceVersionDate "2017.10.13"]
[SourceQuality "1"]

1. c4 Nf6 2. g3 e6 3. Bg2 d5 4. Nc3 c6 5. cxd5 exd5 6. d4 Be7 7. Nf3 Nbd7 8. 0-0 0-0 9. Qc2 Bd6 10. Re1 Re8 11. Bg5 h6 12. Bxf6 Nxf6 13. e4 dxe4 14. Nxe4 Nxe4 15. Rxe4 Rxe4 16. Qxe4 Be6 17. a3 Bd5 18. Qe2 Bc7 19. Qd3 Bb6 20. Rd1 Qd6 21. Ne5 Rd8 22. Bxd5 Qxd5 23. Nf3 c5 24. Qb5 Qxf3 25. Rd3 Qd5 26. b4 cxb4 27. Qxd5 Rxd5 28. axb4 Kf8 29. Kg2 Ke7 30. Kf3 Kd6 31. Ke4 f5+ 32. Kf4 g5+ 33. Ke3 Rb5 34. h4 Rxb4 35. hxg5 hxg5 36. f3 Kd5 37. f4 g4 38. Kd2 Rxd4 39. Rxd4+ Kxd4 0-1

[Event "FAI-chT3 1617"]
[Site "Faroe Islands"]
[Date "2016.11.13"]
[Round "3.3"]
[White "Ortind, Joanes"]
[Black "Morkore, Rogvi"]
[Result "0-1"]
[WhiteElo "1487"]
[BlackElo "1192"]
[PlyCount "170"]
[EventDate "2016.10.23"]
[EventType "team-tourn"]
[EventRounds "9"]
[EventCountry "FAI"]
[SourceTitle "EXT 2020"]
[Source "ChessBase"]
[SourceDate "2019.10.17"]
[SourceVersion "1"]
[SourceVersionDate "2019.10.17"]
[SourceQuality "1"]
[WhiteTeam "Sandavagur III"]
[BlackTeam "Kollafjordur III"]
[WhiteTeamCountry "FAI"]
[BlackTeamCountry "FAI"]

1. e4 e6 2. Bc4 d5 3. exd5 exd5 4. Bb3 Nf6 5. c3 Bf5 6. Nf3 Qe7+ 7. Qe2 Qxe2+ 8. Kxe2 Bd6 9. Nd4 Bd7 10. f3 c5 11. g4 cxd4 12. cxd4 Nc6 13. Kd3 Na5 14. g5 Nxb3 15. axb3 Nh5 16. Nc3 Nf4+ 17. Ke3 0-0 18. Kf2 Be7 19. h4 Rfe8 20. Ra5 Bb4 21. Rxd5 Nxd5 22. Nxd5 Bd6 23. Nc3 Bf5 24. Nb5 Bf4 25. d3 Bxc1 26. Rxc1 Red8 27. Ke3 a6 28. Nc3 Rac8 29. Rd1 Re8+ 30. Kf4 g6 31. Rd2 Rcd8 32. d5 Rd6 33. Ne4 Bxe4 34. dxe4 Rb6 35. Rd3 Rb4 36. d6 Kf8 37. Ke3 Rd8 38. f4 Ke8 39. e5 Kd7 40. Kf3 Ke6 41. Kg4 Re4 42. Rc3 Rd7 43. Kf3 Re1 44. Rc8 Kf5 45. Re8 Rf1+ 46. Kg3 Rc1 47. Rh8 Rd1 48. Rxh7 Rd3+ 49. Kf2 Rxb3 50. h5 gxh5 51. Rxh5 Kxf4 52. Rh7 Rxb2+ 53. Ke1 Kxe5 54. g6 fxg6 55. Rxd7 Rb6 56. Ke2 Rxd6 57. Rxb7 g5 58. Re7+ Kf4 59. Rf7+ Kg3 60. Rf3+ Kh4 61. Rf7 Rd4 62. Rh7+ Kg3 63. Rc7 Ra4 64. Rc3+ Kh4 65. Kf2 Ra2+ 66. Kf3 g4+ 67. Kf4 Ra4+ 68. Ke3 a5 69. Rd3 Ra1 70. Kf2 Ra2+ 71. Ke3 a4 72. Rc3 Rb2 73. Kf4 Rb4+ 74. Kf5 Rb3 75. Rc7 a3 76. Rh7+ Kg3 77. Rh1 Rb2 78. Ra1 a2 79. Kg5 Kf3 80. Rf1+ Rf2 81. Rc1 g3 82. Rc3+ Kg2 83. Ra3 Kh2 84. Kg4 a1Q 85. Rxa1 g2 0-1

[Event "Oyri Rokur op"]
[Site "Oyri"]
[Date "2016.01.31"]
[Round "6"]
[White "Morkore, Rogvi"]
[Black "Fjallheim, Benjamin Reinert"]
[Result "0-1"]
[WhiteElo "1139"]
[BlackElo "1178"]
[PlyCount "138"]
[EventDate "2016.01.29"]
[EventType "swiss"]
[EventRounds "7"]
[EventCountry "FAI"]
[SourceTitle "EXT 2017"]
[Source "ChessBase"]
[SourceDate "2016.10.25"]
[SourceVersion "1"]
[SourceVersionDate "2016.10.25"]
[SourceQuality "1"]

1. c4 e5 2. Nc3 Nf6 3. g3 Bb4 4. Bg2 Nc6 5. d3 d6 6. Qb3 0-0 7. Bxc6 Bxc3+ 8. Qxc3 bxc6 9. Nf3 Re8 10. Bg5 h6 11. Bxf6 Qxf6 12. h3 Qe6 13. e4 d5 14. Nd2 a5 15. a4 Bd7 16. c5 d4 17. Qc4 Qe7 18. Qc2 Be6 19. Rc1 Rab8 20. Nf3 Bb3 21. Qb1 Bxa4 22. Qa2 Rb4 23. Nd2 Ra8 24. Rc4 Qf8 25. 0-0 Bb5 26. Rxb4 Bxd3 27. Rc4 Qc8 28. Kg2 Bxc4 29. Qxc4 Kh8 30. Qxf7 Qb7 31. Qb3 Qa7 32. Qa3 Qa6 33. b4 Qe2 34. Nf3 d3 35. Re1 Qc2 36. Qc1 axb4 37. Rd1 b3 38. Ne1 Qxc1 39. Rxc1 d2 40. Rb1 b2 41. Nf3 d1Q 42. Rxd1 Ra1 43. Rd8+ Kh7 44. Rb8 b1Q 45. Rxb1 Rxb1 46. Nxe5 Rc1 47. Nxc6 Rxc5 48. Nd8 Kg8 49. Kf3 Rc3+ 50. Kg4 c5 51. e5 g6 52. h4 c4 53. h5 g5 54. Kf5 Rd3 55. Nc6 c3 56. Nb4 Rd4 57. Nc2 Rd2 58. f4 Rxc2 59. fxg5 Rf2+ 60. Kg6 hxg5 61. e6 Kf8 62. h6 c2 63. h7 Rh2 64. Kxg5 Rxh7 65. Kg6 c1Q 66. Kxh7 Qg5 67. e7+ Kxe7 68. Kh8 Kf7 69. g4 Qg7# 0-1

[Event "Oyri Rokur op"]
[Site "Oyri"]
[Date "2016.01.30"]
[Round "5"]
[White "Olsen, Kaj"]
[Black "Morkore, Rogvi"]
[Result "1-0"]
[WhiteElo "1579"]
[BlackElo "1139"]
[PlyCount "61"]
[EventDate "2016.01.29"]
[EventType "swiss"]
[EventRounds "7"]
[EventCountry "FAI"]
[SourceTitle "EXT 2017"]
[Source "ChessBase"]
[SourceDate "2016.10.25"]
[SourceVersion "1"]
[SourceVersionDate "2016.10.25"]
[SourceQuality "1"]

1. e4 e6 2. Nc3 d5 3. exd5 exd5 4. d4 Nf6 5. g3 Bg4 6. Be2 Bxe2 7. Ngxe2 Bb4 8. Bd2 Qe7 9. 0-0 0-0 10. Bg5 Rd8 11. Re1 h6 12. Nf4 Qd6 13. Bxf6 gxf6 14. Nfxd5 c6 15. Nf4 Qxd4 16. Re8+ Rxe8 17. Qxd4 Bxc3 18. Qxc3 Nd7 19. Re1 Ne5 20. Kg2 Kg7 21. Nd3 Nxd3 22. Rxe8 Nf4+ 23. gxf4 Rxe8 24. Kf3 Kg6 25. Qd3+ f5 26. Qd7 Re6 27. Qxb7 Kh5 28. Qxf7+ Rg6 29. Qxf5+ Kh4 30. Qxg6 Kh3 31. Qg3# 1-0

[Event "Sandavag op"]
[Site "Sandavag"]
[Date "2015.11.08"]
[Round "7"]
[White "Morkore, Rogvi"]
[Black "Nielsen, Jon I Horni"]
[Result "1/2-1/2"]
[WhiteElo "1142"]
[BlackElo "1251"]
[PlyCount "82"]
[EventDate "2015.11.06"]
[EventType "swiss"]
[EventRounds "7"]
[EventCountry "FAI"]
[SourceTitle "EXT 2017"]
[Source "ChessBase"]
[SourceDate "2016.10.25"]
[SourceVersion "1"]
[SourceVersionDate "2016.10.25"]
[SourceQuality "1"]

1. Nf3 Nc6 2. c4 b6 3. Nc3 Bb7 4. g3 Nf6 5. Bg2 d6 6. d3 g6 7. 0-0 Bg7 8. Qc2 0-0 9. a3 Ne5 10. Nxe5 Bxg2 11. Nxf7 Rxf7 12. Kxg2 Qd7 13. h3 Raf8 14. e4 Nh5 15. Be3 Be5 16. f4 Bg7 17. Rf3 g5 18. f5 h6 19. g4 Nf4+ 20. Bxf4 gxf4 21. Rxf4 Be5 22. Rf3 Bxc3 23. Qxc3 Kh7 24. d4 Rg8 25. h4 Rxg4+ 26. Rg3 Rxe4 27. Rf1 Rxh4 28. d5 Rh5 29. Qd3 Rg5 30. Rxg5 hxg5 31. Rh1+ Kg8 32. Qh3 Rg7 33. Qh8+ Kf7 34. Rh7 Rxh7 35. Qxh7+ Kf6 36. Qg6+ Ke5 37. Qxg5 Qxf5 38. Qg7+ Qf6 39. Qg3+ Qf4 40. Qg7+ Qf6 41. Qg3+ Qf4 1/2-1/2